| 000 | 01215nam a2200277 a 4500 | ||
|---|---|---|---|
| 001 | BRCA_958 | ||
| 005 | 20190320203225.0 | ||
| 008 | 000607s2001 dcua---##b---#001-0#eng-# | ||
| 020 | _a1584650796 | ||
| 020 | _a158465080X | ||
| 040 |
_aDLC _cDLC _dDLC |
||
| 050 | 4 |
_aND1311 _b.B78 2001 |
|
| 245 | 1 | 0 |
_aA brush with history _bpaintings from the National Portrait Gallery _cCarolyn Kinder Carr and Ellen G. Miles ; foreword by Marc Pachter ; with an essay by Margaret C.S. Christman. |
| 260 |
_aWashington, D.C. _bNational Portrait Gallery : Smithsonian Institution _c2001 |
||
| 300 |
_a216 p. _bil. a color _c31 cm. |
||
| 500 | _aCatálogo de la exposición realizada en la National Portrait Gallery (Londres, Inglaterra), 4 octubre, 2002 - 5 enero, 2003 | ||
| 500 | _aIncluye índice de artistas | ||
| 504 | _aBibliografía : p. 212-215 | ||
| 610 | 2 | 4 |
_aNational Portrait Gallery (Smithsonian Institution) _vCatálogos _93170 |
| 650 | 1 | 4 |
_aPintura de retratos americanos _vCatálogos _93171 |
| 650 | 1 | 4 |
_aPintura de retratos _vCatálogos _zWashington (D.C.) _93172 |
| 700 | 1 |
_aCarr, Carolyn Kinder _93173 |
|
| 700 | 1 |
_aMiles, Ellen Gross _d1941- _93174 |
|
| 700 | 1 |
_aChristman, Margaret C. S _93175 |
|
| 942 |
_2lcc _cB |
||
| 999 |
_c846 _d846 |
||